000 00407 a2200157 4500
005 20250613083603.0
020 _a978-0-07-299686-9
082 _a658.15EUN
100 _aEUN, S. C
245 _aInternational Financial Management
250 _a4th Ed.
260 _aNew York
_bMcGraw-Hill Irwin
_c2007.
300 _axxiii,536p.
_bGlossary and Index
_c28 cm
700 _aBruce G. Resnick
942 _2ddc
_cBKS
999 _c3668
_d3668